Online
Catalog

La vida privada del presidente Mao : (Record no. 39436)

MARC details
000 -CABECERA
campo de control de longitud fija 00741nam a2200205 a 4500
001 - NÚMERO DE CONTROL
campo de control 000039946
005 - FECHA Y HORA DE LA ÚLTIMA TRANSACCIÓN
campo de control 20201002033826.0
008 - DATOS DE LONGITUD FIJA--INFORMACIÓN GENERAL
campo de control de longitud fija 130731s1995 sp ab 000 0 spa d
020 ## - NÚMERO INTERNACIONAL ESTÁNDAR DEL LIBRO
Número Internacional Estándar del Libro 8408014064
040 ## - FUENTE DE LA CATALOGACIÓN
Centro catalogador/agencia de origen DO-SdBNP
Lengua de catalogación spa
Centro/agencia transcriptor BNPHU
082 ## - NÚMERO DE LA CLASIFICACIÓN DECIMAL DEWEY
Número de clasificación xxx
100 1# - ENTRADA PRINCIPAL--NOMBRE DE PERSONA
Nombre de persona Zhisui, Li
9 (RLIN) 66161
245 13 - MENCIÓN DE TÍTULO
Título La vida privada del presidente Mao :
Resto del título Memorias del médico personal de Mao /
Mención de responsabilidad, etc. Li Zhisui ; introducción Andrew J. Nathan ; traducción Carlos Pujol Lagarriga.
260 ## - PUBLICACIÓN, DISTRIBUCIÓN, ETC.
Lugar de publicación, distribución, etc. Barcelona, España :
Nombre del editor, distribuidor, etc. Planeta,
Fecha de publicación, distribución, etc. 1995.
300 ## - DESCRIPCIÓN FÍSICA
Extensión 820 p. :
Otras características físicas il., map. ;
Dimensiones 24 cm.
490 1# - MENCIÓN DE SERIE
Mención de serie La linea del horizonte
700 1# - PUNTO DE ACCESO ADICIONAL--NOMBRE DE PERSONA
Nombre de persona Nathan, Andrew J.,
Término indicativo de función/relación introd.
9 (RLIN) 66162
700 1# - PUNTO DE ACCESO ADICIONAL--NOMBRE DE PERSONA
Nombre de persona Pujol Lagarriga, Carlos,
Término indicativo de función/relación tr.
9 (RLIN) 66163
830 #0 - PUNTO DE ACCESO ADICIONAL DE SERIE-TÍTULO UNIFORME
Título uniforme La linea del horizonte
9 (RLIN) 32941
Holdings
Estado de retiro Estado de pérdida Restricciones de uso No para préstamo Código de colección Localización permanente Ubicación/localización actual Ubicación en estantería Fecha de adquisición Número de inventario Total de préstamos Signatura topográfica completa Código de barras Fecha visto por última vez Precio válido a partir de Tipo de ítem Koha
        Monografías: Libros y Folletos General General Orden iniciada 31.07.2013 LF1   xxx 39946-10 25.06.2020 25.06.2020 No se presta

Powered by Koha